Directory of special libraries and information centres (Record no. 8057)
[ view plain ]
| 000 -LEADER | |
|---|---|
| fixed length control field | 00781nam a22001937a 4500 |
| 008 - FIXED-LENGTH DATA ELEMENTS--GENERAL INFORMATION | |
| fixed length control field | 230313b |||||||| |||| 00| 0 eng d |
| 040 ## - CATALOGING SOURCE | |
| Original cataloging agency | National Science Library |
| Transcribing agency | National Science Library |
| 080 ## - UNIVERSAL DECIMAL CLASSIFICATION NUMBER | |
| Universal Decimal Classification number | D 026+002.6(71+72) |
| Item number | K3 |
| 245 ## - TITLE STATEMENT | |
| Title | Directory of special libraries and information centres |
| 250 ## - EDITION STATEMENT | |
| Edition statement | 8th ed. |
| 260 ## - PUBLICATION, DISTRIBUTION, ETC. | |
| Place of publication, distribution, etc. | Detroit: |
| Name of publisher, distributor, etc. | Gale Research Company, |
| Date of publication, distribution, etc. | 1963 |
| 300 ## - PHYSICAL DESCRIPTION | |
| Extent | ix, 836p. |
| 500 ## - GENERAL NOTE | |
| General note | Vol.1 (Descriptive listings A-N); ISBN: 0-8103-0357-4 ; xv, 846p.<br/>Vol.1 (Descriptive listings O-Z) ; ISBN: 0-8103-0357-4 ; xiii, 1640p.<br/>Vol.2 (Geographic and personnel indexes); ISBN: 0-8103-0358-2 ; ix, 836p.<br/> |
| 650 ## - SUBJECT ADDED ENTRY--TOPICAL TERM | |
| Topical term or geographic name entry element | Library science |
| 653 ## - INDEX TERM--UNCONTROLLED | |
| Uncontrolled term | Special libraries |
| 653 ## - INDEX TERM--UNCONTROLLED | |
| Uncontrolled term | Information |
| 700 10 - ADDED ENTRY--PERSONAL NAME | |
| Personal name | Darnay, Brigitte T (Ed.) |
| 942 ## - ADDED ENTRY ELEMENTS (KOHA) | |
| Source of classification or shelving scheme | Universal Decimal Classification |
| Koha item type | Directories |
| Withdrawn status | Lost status | Source of classification or shelving scheme | Damaged status | Not for loan | Home library | Current library | Shelving location | Date acquired | Serial Enumeration / chronology | Total Checkouts | Full call number | Barcode | Date last seen | Price effective from | Koha item type |
|---|---|---|---|---|---|---|---|---|---|---|---|---|---|---|---|
| Universal Decimal Classification | National Science Library | National Science Library | GF/Rk-2/C-20/R-4 | 06/02/1983 | Vol.2, 1963 | D 026+002.6(71+72) K3 | 103525 | 13/03/2023 | 13/03/2023 | Directories | |||||
| Universal Decimal Classification | National Science Library | National Science Library | GF/Rk-2/C-20/R-4 | 06/02/1983 | Vol.1, 1963 | D 026+002.6(71+72) K3 | 103523 | 13/03/2023 | 13/03/2023 | Directories | |||||
| Universal Decimal Classification | National Science Library | National Science Library | GF/Rk-2/C-20/R-4 | 06/02/1983 | Vol.1, 1963 | D 026+002.6(71+72) K3 | 103524 | 13/03/2023 | 13/03/2023 | Directories |